=LDR 00000nam 2200000 4500 =001 INLIS000000000038041 =005 20130612143733 =008 ***********************************ind** =035 ##$$0010-061300000038041 =041 ##$$a ind =082 ##$$a 641.5 =245 ##$$a 100 resep ayam goreng:terfavorit utk usaha boga =260 ##$$a gramedia $b jakarta =300 ##$$a 115 hlm =850 ##$$a NBPNMAT